| 000 | 00386nam a2200157Ia 4500 | ||
|---|---|---|---|
| 003 | GCL | ||
| 008 | 140319s9999 xx 000 0 eng d | ||
| 040 |
_aGCL / _cGCL |
||
| 082 | 0 | 4 |
_a330 _bW E |
| 100 | 1 | _aFABBRI, TONY | |
| 245 | 1 | 0 |
_aECONOMICS, 4TH ed / _cFABBRI, TONY |
| 260 |
_a[S.N] : _bABT AKVERT SKIRA S.A ، _c1990 |
||
| 300 | _a804 P | ||
| 650 | 0 | 4 | _aECONOMICS |
| 942 |
_2ddc _cBK |
||
| 999 |
_c19554 _d19554 |
||